<?xml version="1.0" encoding="UTF-8"?>
<record
    xmlns:xsi="http://www.w3.org/2001/XMLSchema-instance"
    xsi:schemaLocation="http://www.loc.gov/MARC21/slim http://www.loc.gov/standards/marcxml/schema/MARC21slim.xsd"
    xmlns="http://www.loc.gov/MARC21/slim">

  <leader>03546nam a2200565Ia 4500</leader>
  <controlfield tag="001">6083</controlfield>
  <controlfield tag="008">241029s9999    xx            000 0 und d</controlfield>
  <datafield tag="010" ind1=" " ind2=" ">
    <subfield code="a">5724</subfield>
  </datafield>
  <datafield tag="041" ind1=" " ind2=" ">
    <subfield code="a">Espa&#xF1;ol</subfield>
  </datafield>
  <datafield tag="082" ind1=" " ind2=" ">
    <subfield code="a">N/A</subfield>
  </datafield>
  <datafield tag="245" ind1=" " ind2="0">
    <subfield code="a">El trabajo docente en equipo en la gesti&#xF3;n pedag&#xF3;gica, Centro Educativo Sabana Angosta, Distrito 07-07 Villa Tapia, Provincia Hermanas Mirabal, Rep&#xFA;blica Dominicana, a&#xF1;o escolar 2017- 2018.</subfield>
  </datafield>
  <datafield tag="260" ind1=" " ind2=" ">
    <subfield code="a">Duarte</subfield>
  </datafield>
  <datafield tag="300" ind1=" " ind2=" ">
    <subfield code="a">103</subfield>
  </datafield>
  <datafield tag="520" ind1=" " ind2=" ">
    <subfield code="a">73</subfield>
  </datafield>
  <datafield tag="630" ind1=" " ind2=" ">
    <subfield code="a">Gesti&#xF3;n</subfield>
  </datafield>
  <datafield tag="630" ind1=" " ind2=" ">
    <subfield code="a">Gesti&#xF3;n Escolar</subfield>
  </datafield>
  <datafield tag="630" ind1=" " ind2=" ">
    <subfield code="a">Participaci&#xF3;n</subfield>
  </datafield>
  <datafield tag="630" ind1=" " ind2=" ">
    <subfield code="a">Trabajo Cooperativo</subfield>
  </datafield>
  <datafield tag="630" ind1=" " ind2=" ">
    <subfield code="a">Trabajo en Equipo</subfield>
  </datafield>
  <datafield tag="650" ind1=" " ind2=" ">
    <subfield code="a">Gesti&#xF3;n Educativa</subfield>
  </datafield>
  <datafield tag="690" ind1=" " ind2=" ">
    <subfield code="a">Copiado sin cambios</subfield>
  </datafield>
  <datafield tag="700" ind1=" " ind2=" ">
    <subfield code="e">asesor</subfield>
    <subfield code="a">Mena, Alma</subfield>
  </datafield>
  <datafield tag="700" ind1=" " ind2=" ">
    <subfield code="e">autor</subfield>
    <subfield code="a">Gonz&#xE1;lez Santos, Fausto Rafael</subfield>
  </datafield>
  <datafield tag="901" ind1=" " ind2=" ">
    <subfield code="a">{"1":"Gonz&#xE1;lez Santos"}</subfield>
    <subfield code="b">{"1":"Fausto Rafael"}</subfield>
  </datafield>
  <datafield tag="902" ind1=" " ind2=" ">
    <subfield code="a">1</subfield>
  </datafield>
  <datafield tag="903" ind1=" " ind2=" ">
    <subfield code="a">{"1":"Mena"}</subfield>
    <subfield code="b">{"1":"Alma"}</subfield>
  </datafield>
  <datafield tag="904" ind1=" " ind2=" ">
    <subfield code="a">Maestr&#xED;a en</subfield>
  </datafield>
  <datafield tag="905" ind1=" " ind2=" ">
    <subfield code="a">Gesti&#xF3;n de Centros Educativos</subfield>
  </datafield>
  <datafield tag="906" ind1=" " ind2=" ">
    <subfield code="a">2</subfield>
  </datafield>
  <datafield tag="907" ind1=" " ind2=" ">
    <subfield code="a">NO APLICA</subfield>
  </datafield>
  <datafield tag="908" ind1=" " ind2=" ">
    <subfield code="a">NO APLICA</subfield>
  </datafield>
  <datafield tag="909" ind1=" " ind2=" ">
    <subfield code="a">Centro Universitario Regional del Nordeste, CURNE (UASD)</subfield>
  </datafield>
  <datafield tag="910" ind1=" " ind2=" ">
    <subfield code="a">NULL</subfield>
    <subfield code="b">NULL</subfield>
  </datafield>
  <datafield tag="911" ind1=" " ind2=" ">
    <subfield code="a">["1"]</subfield>
  </datafield>
  <datafield tag="912" ind1=" " ind2=" ">
    <subfield code="a">NO APLICA</subfield>
  </datafield>
  <datafield tag="913" ind1=" " ind2=" ">
    <subfield code="a">NULL</subfield>
  </datafield>
  <datafield tag="914" ind1=" " ind2=" ">
    <subfield code="a">01 de Mayo de 2018</subfield>
  </datafield>
  <datafield tag="915" ind1=" " ind2=" ">
    <subfield code="a">11/12/19 12:12</subfield>
  </datafield>
  <datafield tag="916" ind1=" " ind2=" ">
    <subfield code="a">NULL</subfield>
  </datafield>
  <datafield tag="917" ind1=" " ind2=" ">
    <subfield code="a">NULL</subfield>
  </datafield>
  <datafield tag="918" ind1=" " ind2=" ">
    <subfield code="a">NO APLICA</subfield>
  </datafield>
  <datafield tag="919" ind1=" " ind2=" ">
    <subfield code="a">["111","201","151","192","193"]</subfield>
  </datafield>
  <datafield tag="520" ind1=" " ind2=" ">
    <subfield code="a">Determinar la forma en que se llevaa cabo el trabajo docente en equipo en la gesti&#xF3;n pedag&#xF3;gica del Centro Educativo Sabana Angosta, Distrito 07-07 Villa Tapia, Rep&#xFA;blica Dominicana, Provincia Hermanas Mirabal, a&#xF1;o escolar 2017-2018. Contando con una metodolog&#xED;a basadaen un enfoque cuantitativo, se trata de un estudio no experimental, documental, de campo y de tipo descriptivo, auxili&#xE1;ndose en el m&#xE9;todo deductivo. La poblaci&#xF3;n general de la investigaci&#xF3;n comprende 14 encuestado, de los cuales diez son maestros de aulas y los cuatro restantes pertenecen al equipo de gesti&#xF3;n del Centro Educativo Sabana Angosta.Como principales resultados se evidencian la integraci&#xF3;n del equipo docente en la gesti&#xF3;n, estos interact&#xFA;an con la gesti&#xF3;n a trav&#xE9;s de visitas en las aulas en un 60% y los equipos de trabajos para lograr la colaboraci&#xF3;n cuentan con la formaci&#xF3;n y el desarrollo dela junta de centro, se desarrolla el trabajo colaborativo entre el equipo de gesti&#xF3;n y el docente a trav&#xE9;s de su integraci&#xF3;n a la gesti&#xF3;n pedag&#xF3;gica.&#xA0;Como conclusi&#xF3;n general se tiene que, el desarrollo del trabajo docente en equipo dentro de la gesti&#xF3;n pedag&#xF3;gica, es llevado a cabo de manera eficiente, se integran los participantes a trav&#xE9;s del desarrollo de diversas acciones estrat&#xE9;gicas que marcan la integraci&#xF3;n de los mismos, aumentando el rendimiento que presenta el Centro Educativo en funci&#xF3;n de su calidad pedag&#xF3;gica en beneficio de la ense&#xF1;anza. Esto aumenta la eficacia de los trabajos que all&#xED; se desarrollan, fomentando una escuela activa, con posibilidad de desarrollar un proceso de ense&#xF1;anza que beneficio fundamentalmente el protagonismo principal del proceso de los estudiantes. &#xA0;Se recomend&#xF3; al Ministerio de Educaci&#xF3;n (MINERD), desarrollar una programaci&#xF3;n de las actividades y tareas a desarrollar en equipo en beneficio de la gesti&#xF3;n pedag&#xF3;gica, para garantizar que todos los participantes puedan tener pendiente dichas actividades y participen de &#xE9;stas.</subfield>
  </datafield>
  <datafield tag="921" ind1=" " ind2=" ">
    <subfield code="a">72</subfield>
  </datafield>
  <datafield tag="922" ind1=" " ind2=" ">
    <subfield code="a">72</subfield>
  </datafield>
  <datafield tag="923" ind1=" " ind2=" ">
    <subfield code="a">1</subfield>
  </datafield>
  <datafield tag="924" ind1=" " ind2=" ">
    <subfield code="a">20191018110448</subfield>
  </datafield>
  <datafield tag="942" ind1=" " ind2=" ">
    <subfield code="c">Tesis</subfield>
  </datafield>
  <datafield tag="999" ind1=" " ind2=" ">
    <subfield code="c">5724</subfield>
    <subfield code="d">5724</subfield>
  </datafield>
</record>
